000 00725nam a2200241Ia 4500
003 OSt
005 20220927105708.0
006 a|||||r|||| 00| 0
007 ta
008 220926b |||||||| |||| 00| 0 eng d
024 _a201205
037 _cReference Collections
040 _aRTL
_cRTL
_beng
041 _2eng
_aeng
082 _a"U671k, K6/RR"
100 _aJACKSON Nora
_9374249
245 0 _aDictionary of natural resources
260 _aOxford
_bPergamon Press
_c1966
500 _aAppendix: P 282-286; Glossary: P 287-93; Bibliography: P 295-309
700 _a PENN Philip
_9374250
942 _h"U671k, K6/RR"
_cCC
999 _c693958
_d693958